000 00288nam a2200097 a 4500
005 20200930063123.0
008 110630s2004 000 spa d
245 3 _aEl venerable siervo de Dios José María Escrivá de Balaguer, fundador del Opus Dei.
260 _c[s.f.].
999 _c31199
_d31199
040 _aDO-SdBNP